Noncube -Ending Geometry Dash Levels - Statistics

General Stats
  • This quiz has been taken 18 times
  • The average score is 6 of 9
Answer Stats
Hint Answer % Correct
Ball Cycles
92%
Robot Geometrical Dominator
85%
Ship Stereo Madness
85%
Ship Theory of Everything
69%
Ship Clubstep
62%
Ship Time Machine
62%
Ship xStep
62%
Ship Electrodynamix
46%
Ship Hexagon Force
46%
No matching quizzes found
Score Distribution
Percent of People with Each Score
Percentile by Number Answered
Your Score History
You have not taken this quiz